000 00659nam a22002177a 4500
003 DO-SdBNP
005 20171110081710.0
008 161012b 1960 sp||||| |||| 00| 0 spa d
040 _aBPMSU
_bspa
_cBPMSU
082 4 _a530
_bF363e
100 1 _aFernández Ferrer, Julián
245 _aEnciclopedia de la física /
_cJulián Fernández Ferrer
260 _aBarcelona :
_bDe Gasso Hermanos
_c1960
300 _a370 p. :
_bil. :
_c20 cm
490 _aEnciclopedias de Gassó saber y amenidad
650 4 _aFÍSICA
910 _aValidado. Control de calidad MFF
942 _2ddc
_cBK
945 _aInvetariado extranjero / 2017 VM
956 _adgarcia
999 _c11541
_d11541